[Event "Schwarzwald Seniors op 12th"]
[Site "Steinach"]
[Date "2004.04.03"]
[Round "1"]
[White "Dufner, Manfred"]
[Black "Dinser, Hans"]
[Result "1/2-1/2"]
[WhiteElo "1465"]
[BlackElo "1774"]
[PlyCount "75"]
[EventDate "2004.03.29"]
[EventType "swiss"]
[EventRounds "9"]
[EventCountry "GER"]
[SourceTitle "EXT 2006"]
[Source "ChessBase"]
[SourceDate "2005.11.24"]
[SourceVersion "1"]
[SourceVersionDate "2005.11.24"]
[SourceQuality "1"]

1. Nf3 b5 2. e3 a6 3. d4 Bb7 4. Be2 e6 5. Nbd2 Nf6 6. c4 c6 7. 0-0 Bd6 8. h3 Bc7 9. Qc2 d6 10. b3 Nbd7 11. Ba3 Rc8 12. b4 d5 13. c5 a5 14. Bd3 g6 15. e4 0-0 16. e5 Nh5 17. g3 axb4 18. Bxb4 f5 19. Nb3 g5 20. Nh2 Kh8 21. Bd2 h6 22. g4 Nf4 23. Bxf4 gxf4 24. gxf5 exf5 25. Kh1 Qg5 26. Rg1 Qh5 27. Qd2 Nxe5 28. dxe5 Bxe5 29. Rae1 Rce8 30. f3 Bc8 31. Rxe5 Rxe5 32. Qxf4 Rfe8 33. Qg3 R5e7 34. Nd4 Bd7 35. Qd6 Rf7 36. Nxc6 Re6 37. Qb8+ Re8 38. Qd6 1/2-1/2